000 00644nam a2200217Ia 4500
005 20241129111317.0
008 241129s9999||||xx |||||||||||||| ||und||
020 _a978-93-92510-58-8
037 _aTB
040 _aCRL
_beng
_cCRL
041 _aeng
_2eng
084 _aO15,3D63,1 111R2
_qCRL
100 _aKale M. R. Au.
_9589005
245 0 _aDasakumaracarita of dandin
_cKale M. R. Au.
260 _aDelhi, India
_bMotilal Banarsidass International
_c2022
300 _axliii,520p.
365 _aINR
_b595
650 _aSanskrit LiteratureFiction
_9726340
942 _cTB
_hO15,3D63,1 111R2
999 _c1229866
_d1229866